000 00831nam a22002417a 4500
999 _c4362
_d4362
003 AR-CdUCM
008 190308b ||||| |||| 00| 0 spa d
020 _a84-270-0413-3
040 _aMUNICIPALIDAD PROVINCIAL DEL CUSCO
_cBIBLIOTECA MUNICIPAL DEL CUSCO
082 _a794.103 /
_bIB12
100 _aIbero, Ramón.
_913773
245 _aDiccionario de Ajedrez :
_b con el reglamento oficial /
260 _aBarcelona :
_bMartínez Roca,
_c1985.
300 _a175 paginas ;
_c20 cm.
440 _aColección Escaques
_n62
_913774
500 _aDonación de la Familia Nieto
505 _aReglamento oficial -- Reglas generales -- Reglas suplementarias -- Notaciones -- Expresiones corrientes...
650 _aAjedrez
_93993
650 _aReglamento
_913775
650 _aEnroque
_913776
942 _2ddc
_cLIBROS
945 _awnts